Visualizzazione normale
Vista MARC
- " in: Benedetto (S.). un maestro di tutti i tempi. (Dialoghi e Regola). Padova, EMP,1981. 236 p. 21 cm. (Scritti Monastici/.n. serie, 2)"
di Personal Name
Records bibliografici associati: 1
001 - CONTROL NUMBER
- control field: 34769
003 - CONTROL NUMBER IDENTIFIER
- control field: IT-RoPau
005 - DATE AND TIME OF LATEST TRANSACTION
- control field: 20150603175358.0
008 - FIXED-LENGTH DATA ELEMENTS
- fixed length control field: 150603|| aca||aabn | a|a d
040 ## - CATALOGING SOURCE
- Original cataloging agency: IT-RoPau
- Transcribing agency: IT-RoPau
100 ## - HEADING--PERSONAL NAME
- Personal name: " in: Benedetto (S.). un maestro di tutti i tempi. (Dialoghi e Regola). Padova, EMP,1981. 236 p. 21 cm. (Scritti Monastici/.n. serie, 2)"
670 ## - SOURCE DATA FOUND
- Source citation: Work cat.: (IT-RoPau)17615: Gregorio Magno 34768, Il libro II dei dialoghi. Vita e miracoli di S. Benedetto. Trad. dal testo latino di Sources Chrétiennes (260), 1979